000
00331nam a2200133Ia 4500
008
240624s9999 xx 000 0 und d
041
_a
eng
082
_a
954. VAR
100
_a
HUSAIN SALMA
245
_a
EMPEROR S TABLE THE ART OF MUGHAL CUISIN
260
_c
2010
_a
New Delhi
_b
Roli Books
300
_a
144 : p.
365
_c
RS
_b
25
999
_c
17281
_d
17281